[Event "BCF-chT 9697 (4NCL)"]
[Site "England"]
[Date "1997.??.??"]
[Round "5.7"]
[White "Smith, Andrew Philip"]
[Black "McGrath, James"]
[Result "1-0"]
[WhiteElo "2265"]
[BlackElo "2088"]
[PlyCount "81"]
[EventDate "1996.10.??"]
[EventType "team"]
[EventRounds "12"]
[EventCountry "ENG"]
[SourceTitle "EXT 1999"]
[Source "ChessBase"]
[SourceDate "1998.11.16"]
[SourceVersion "1"]
[SourceVersionDate "1998.11.16"]
[SourceQuality "1"]
[WhiteTeam "Slough"]
[BlackTeam "Croydon"]
[WhiteTeamCountry "ENG"]
[BlackTeamCountry "ENG"]

1. e4 Nf6 2. e5 Nd5 3. d4 d6 4. Nf3 Nc6 5. c4 Nb6 6. e6 fxe6 7. Bd3 e5 8. d5 Nd4 9. Nxd4 exd4 10. Qh5+ g6 11. Bxg6+ hxg6 12. Qxh8 e5 13. dxe6 Bxe6 14. Bh6 Qe7 15. Bxf8 Qxf8 16. Qxd4 Bxc4 17. Nd2 Bd5 18. 0-0 0-0-0 19. a4 Qh6 20. Ra3 c5 21. Qg4+ Kc7 22. Ne4 Nd7 23. Rd1 Re8 24. Nc3 Bc6 25. Nb5+ Bxb5 26. axb5 Qd2 27. Raa1 Qxb2 28. Qxg6 Qe5 29. h3 Re6 30. Qd3 Rf6 31. Rxa7 Qb2 32. Qe4 Qxf2+ 33. Kh1 Rf7 34. Rxb7+ Kd8 35. Rxd6 Qg3 36. Rd1 Re7 37. Qd5 Re1+ 38. Rxe1 Qxe1+ 39. Kh2 Qe7 40. Ra7 c4 41. Ra8+ 1-0

[Event "BCF-chT 9697 (4NCL)"]
[Site "England"]
[Date "1996.11.24"]
[Round "4.6"]
[White "McGrath, James"]
[Black "Forster, Michael"]
[Result "1/2-1/2"]
[WhiteElo "2088"]
[BlackElo "2305"]
[PlyCount "52"]
[EventDate "1996.10.??"]
[EventType "team"]
[EventRounds "12"]
[EventCountry "ENG"]
[SourceTitle "EXT 1999"]
[Source "ChessBase"]
[SourceDate "1998.11.16"]
[SourceVersion "1"]
[SourceVersionDate "1998.11.16"]
[SourceQuality "1"]
[WhiteTeam "Croydon"]
[BlackTeam "Guildford"]
[WhiteTeamCountry "ENG"]
[BlackTeamCountry "ENG"]

1. c4 Nf6 2. Nf3 g6 3. g3 Bg7 4. Bg2 d6 5. d4 0-0 6. Nc3 Nbd7 7. 0-0 c6 8. Qd2 Re8 9. d5 cxd5 10. cxd5 Nc5 11. Nd4 Qb6 12. Rd1 a5 13. Rb1 Bd7 14. b3 e5 15. dxe6 fxe6 16. Bb2 d5 17. e3 Kh8 18. Nf3 Bc6 19. Ne5 Ncd7 20. Nxd7 Nxd7 21. Ne2 Qc7 22. Nf4 Bxb2 23. Qxb2+ Qe5 24. h4 Qxb2 25. Rxb2 Nf6 26. Rc2 Re7 1/2-1/2